| 000 | 02143nam a2200577Ii 4500 | ||
|---|---|---|---|
| 001 | DIGALBA0127 | ||
| 003 | NyNyDIG | ||
| 006 | m o d | ||
| 008 | 191106s2013 sp o 000 f spa d | ||
| 007 | cr ||||||||||| | ||
| 035 | _a(OCoLC)1126605627 | ||
| 040 |
_aDGITA _beng _erda _epn _cDGITA |
||
| 020 |
_a9788484289012 _q(eBook ; _qePub) |
||
| 020 |
_a848428901X _q(eBook ; _qePub) |
||
| 020 | _z97884842890120 | ||
| 020 | _z9788484286646 | ||
| 020 | _z8484286649 | ||
| 041 | 1 |
_aspa _heng |
|
| 050 | 1 | 4 | _aPR4034.M34 ebook |
| 082 | 0 | 4 | _a823.7 |
| 100 | 1 |
_aAusten, Jane, _d1775-1817, _eauthor. |
|
| 240 | 1 | 0 |
_aMansfield Park. _lSpanish _s(Torres Oliver). |
| 245 | 1 | 0 |
_aMansfield Park / _cJane Austen ; traducción y notas, Francisco Torres. |
| 250 | _aEdición en formato digital. | ||
| 264 | 1 |
_aBarcelona : _bAlba, _c[2013] |
|
| 300 | _a1 online resource. | ||
| 336 |
_atext _btxt _2rdacontent |
||
| 337 |
_acomputer _bc _2rdamedia |
||
| 338 |
_aonline resource _bcr _2rdacarrier |
||
| 490 | 1 | _aBiblioteca Jane Austen | |
| 588 | 0 | _aOnline resource; title from PDF title page (Digitalia, viewed November 10, 2019) | |
| 650 | 0 |
_aYoung women _vFiction. |
|
| 650 | 0 |
_aChildren of the rich _vFiction. |
|
| 650 | 0 |
_aCountry homes _vFiction. |
|
| 650 | 0 |
_aAdoptees _vFiction. |
|
| 650 | 0 |
_aCousins _vFiction. |
|
| 651 | 0 |
_aEngland _vFiction. |
|
| 650 | 0 |
_aUncles _vFiction. |
|
| 655 | 7 |
_aDomestic fiction. _2lcgft |
|
| 655 | 7 |
_aRomance fiction. _2lcgft |
|
| 655 | 0 | _aElectronic books. | |
| 700 | 1 |
_aTorres Oliver, Francisco, _etranslator. |
|
| 700 | 1 |
_iTranslation of: _aAusten, Jane, _d1775-1817. _tMansfield Park. |
|
| 791 | 2 |
_aDigitalia (Firm), _edistributor. |
|
| 793 | 0 |
_gDigitalia eBook Collection: _aAlba Editorial |
|
| 776 | 0 | 8 |
_iPrint version: _aAusten, Jane, 1775-1817. _sMansfield Park. Spanish (Torres Oliver). _tMansfield Park. _bPrimera edición en este formato. _dBarcelona : Alba Editorial, 2011 _z9788484286646 |
| 830 | 0 | _aBiblioteca Jane Austen (Alba Editorial) | |
| 856 | 4 | 0 |
_3Digitalia Hispánica _uhttps://www.digitaliapublishing.com/a/33267/ |
| 910 | _aPremium collection: 2019 | ||
| 942 | _cRAA | ||
| 999 |
_c241899 _d241899 |
||